Biggest Trading Partners - Peru - Statistics

General Stats
  • This quiz has been taken 341 times
  • The average score is 29 of 32
Answer Stats
Exports Country % Correct
$6.24 B United States
100%
$7.11 B United States
100%
$1.20 B Brazil
99%
$2.13 B Brazil
99%
$8.48 B China
99%
$8.24 B China
99%
$913 M Argentina
97%
$1.01 B Chile
97%
$1.15 B Chile
97%
$1.68 B Mexico
97%
$710 M Colombia
96%
$1.18 B Colombia
96%
$1.22 B Spain
96%
$646 M Spain
96%
$577 M United Kingdom
96%
$1.26 B Japan
95%
$1.04 B Japan
95%
$1.68 B Canada
94%
$670 M Canada
94%
$651 M Ecuador
94%
$1.08 B Ecuador
94%
$890 M Germany
93%
$1.12 B Germany
93%
$748 M Italy
88%
$1.39 B South Korea
88%
$1.30 B South Korea
88%
$930 M India
85%
$803 M India
85%
$992 M Netherlands
74%
$623 M Belgium
68%
$2.55 B Switzerland
57%
$540 M Thailand
53%
No matching quizzes found
Score Distribution
Percent of People with Each Score
Percentile by Number Answered
Your Score History
You have not taken this quiz